LEADER 00968nam0-2200337 --450 001 9911016479703321 005 20260320150640.0 010 $a9781529419979 100 $a20250805d2024----kmuy0itay5050 ba 101 0 $aeng 102 $aGB 105 $aa ac 001yy 200 1 $a<>history of interior design$fJohn Pile, Judith Gura & Drew Plunkett 205 $a5. ed. 210 $aLondon$cLaurence King$d2024 215 $a495 p.$cill.$d30 cm 610 0 $aDesign [di] interni$aStoria 610 0 $aArredamento$aStoria 676 $a747.2$v23$zita 676 $a747$v23$zita 700 1$aPile,$bJohn F.$01835622 701 1$aPlunkett,$bDrew$01617156 701 1$aGura,$bJudith$0791984 801 0$aIT$bUNINA$gREICAT$2UNIMARC 901 $aBK 912 $a9911016479703321 952 $aARCH C 1549$b446/2025$fFARBC 952 $aARCH C 1572$b197/2026$fFARBC 959 $aFARBC 996 $aHistory of interior design$94555849 997 $aUNINA